Thermofluid mechanics /

Bibliographic Details
Main Author: Pefley, Richard K.
Other Authors: Murray, R. Ian (Robert Ian)
Format: Book
Language:English
Published: New York : McGraw-Hill, [1966]
Subjects:

MARC

Tag First Indicator Second Indicator Subfields
LEADER 00000cam a2200000 4500
001 in00000023355
005 20151007064408.0
008 750627s1966 nyu b 00000 eng u
010 |a  65025550  
035 |a (OCoLC)01418024 
035 |9 AAD9735AM 
040 |c DZM  |d TXA  |d UtOrBLW 
049 |a TXAM  |c [457017] 
050 0 0 |a TJ265  |b .P45 
082 0 |a 532 
092 |a 532.1  |b P375t, 1966 
100 1 |a Pefley, Richard K. 
245 1 0 |a Thermofluid mechanics /  |c [by] Richard K. Pefley [and] R. Ian Murray. 
264 1 |a New York :  |b McGraw-Hill,  |c [1966] 
300 |a ix, 430 pages :  |b illustrations ;  |c 23 cm. 
336 |a text  |b txt  |2 rdacontent 
337 |a unmediated  |b n  |2 rdamedia 
338 |a volume  |b nc  |2 rdacarrier 
500 |a Includes bibliographical references. 
650 0 |a Thermodynamics. 
650 0 |a Fluid mechanics. 
700 1 |a Murray, R. Ian  |q (Robert Ian) 
999 |a MARS 
999 f f |s a741d76b-7030-3728-8ea9-ae7dff126ade  |i d4b5c858-a524-3dea-880e-4c4d19127243  |t 0 
952 f f |p normal  |a Texas A&M University  |b College Station  |c Sterling C. Evans Library  |d Evans: Library Stacks  |t 0  |e TJ265 .P45  |h Library of Congress classification  |i unmediated -- volume  |m A14800914620 
998 f f |a TJ265 .P45  |t 0  |l Evans: Library Stacks